Влада Републике Србије (2017) - Statistics

General Stats
  • This quiz has been taken 183 times
  • The average score is 7 of 22
Answer Stats
Име и презиме % Correct
Ана Брнабић
95%
Ивица Дачић
90%
Александар Вулин
74%
Златибор Лончар
59%
Небојша Стефановић
58%
Зорана Михајловић
54%
Вања Удовичић
46%
Расим Љајић
39%
Бранко Ружић
30%
Младен Шарчевић
25%
Бранислав Недимовић
22%
Милан Кркобабић
21%
Александар Антић
20%
Славица Ђукић Дејановић
17%
Јадранка Јоксимовић
16%
Душан Вујовић
15%
Нела Кубуровић
14%
Зоран Ђорђевић
9%
Ненад Поповић
8%
Горан Триван
7%
Горан Кнежевић
6%
Владан Вукосављевић
6%
No matching quizzes found
Score Distribution
Percent of People with Each Score
Percentile by Number Answered
Your Score History
You have not taken this quiz